Diccionario de términos literarios
Sábháilte in:
| Príomhchruthaitheoirí: | , , |
|---|---|
| Formáid: | LEABHAR |
| Teanga: | Spáinnis |
| Foilsithe / Cruthaithe: |
Madrid
Akal
1997
|
| Eagrán: | 2a. ed |
| Sraith: | Akal Diccionarios, 19
|
| Ábhair: | |
| Clibeanna: |
Cuir clib leis
Níl clibeanna ann, Bí ar an gcéad duine le clib a chur leis an taifead seo!
|
MARC
| LEADER | 00000nam a2200000 a 4500 | ||
|---|---|---|---|
| 001 | UCN0736 | ||
| 003 | CL-VaPUC | ||
| 008 | 010330e19970000SP |||||||||||||||||spa|d | ||
| 082 | 0 | 4 | |a 803 |b AYU |2 21 |
| 100 | 0 | |a Ayuso de Vicente, María Victoria |e author |9 455938 | |
| 700 | |a García Gallarín, Consuelo |e author |9 455939 | ||
| 700 | 0 | |a Solano Santos, Sagrario |e author |9 455940 | |
| 245 | 1 | 0 | |a Diccionario de términos literarios |
| 250 | |a 2a. ed | ||
| 300 | |a 407 p | ||
| 942 | |c BK | ||
| 945 | |d 20010330 00:00:00 |a cmena | ||
| 260 | |a Madrid |b Akal |c 1997 | ||
| 650 | 0 | |a Literatura |9 259151 | |
| 650 | 0 | |a Diccionarios |9 256200 | |
| 650 | 0 | |a Glosarios |9 261047 | |
| 583 | |a last modification |c 20131127 03:01:33 |k Rodrigo Vera | ||
| 490 | 0 | |a Akal Diccionarios, 19 | |
| 999 | |c 294366 |d 294364 | ||
| 952 | |0 0 |1 0 |4 0 |6 803_000000000000000_AYU_1997 |7 0 |8 X |9 346650 |a BIBEDU |b BIBEDU |d 2019-11-20 |i 3708179 |o 803 AYU 1997 |p 3708179 |r 2023-01-13 |w 2019-11-20 |y BK_X |k LIT | ||